1713 1383 1361 1753 1960 1356 1036 1091 1832 1614 1295 1599 1896 1276 1188 1811 1388 1700 1621 1251 1226 1926 1290 1115 1275 1311 1352 1336 1909 1021 1941 1997 1025 1077 1149 1227 1936 1638 1169 1348 1483 1014 1569 1083 1962 1574 1937 1230 1267 1609 1636 1791 1989 1797 1181 1601 1804 1500 1966 1850 1688 1829 1995 1586 1366 1677 1030 1573 1896 1176 1515 1741 1392 1691 1824 1284 1965 1134 1171 1220 1916 1540 1364 1966 1483 1336 1920 1316 1318 1670 1547 1653 1066 1471 1508 1776 1589 1371 1429 BCNSPRNW ULIB Ver.6.0+V

เปลี่ยนเป็นภาษาไทย

Change to English
 แสดงรายละเอียดบรรณานุกรม
  กลับหน้าหลัก

Brief Record : Get Marc (ISO 2709) : E-mail record : QR code < ปิดหน้าต่าง
LEADER : 00000nam 2200000uu 4500
001    13399120616
003     ULIB
008    120928s2552||||th 000 0 tha d
020    ^a9789740324690
060 04 ^aWM100^bท365จ 2552
100 0  ^aทัศนีย์ ทองประทีป
245 10 ^aจิตวิญญาณ :^bมิติหนึ่งของการพยาบาล /^cทัศนีย์ ทองประทีป
250    ^aพิมพ์ครั้งที่ 1
260    ^aกรุงเทพฯ :^bสำนักพิมพ์แห่งจุฬาลงกรณ์มหาวิทยาลัย,^c2552
300    ^a245 หน้า ;^c21 ซม
505 2  ^aศิลปะการดูแลด้ายจิตวิญญาณ -- บทบาทพยาบาท: การทบทวนเรื่องราวชีวิต --การส่งเสริมสุขภาวะด้านจิตวิญญาณ -- การพยาบาลด้านจิตวิญญาณกับกระบวนการพยาบาล -- จิตวิญญาณ: การค้นหาความหมายของชีวิตและการเจ็บป่วย ; มิติหนึ่งของการพยาบาล -- การพยาบาลมิติจิตวิญญาณในผู้ป่วยแต่ละวัย -- การดูแลผู้ป่วยระยะสุดท้ายในมิติวิญญาณ -- การวิจัยเกี่ยวกับจิตวิญญาณและการดูแลด้านจิตวิญญาณ -- Nurse s role: spiritual care at the end-of-life -- Essential elements ofspirituality among rural Thai elders
650  7 ^aการพยาบาลด้านจิตวิญญาณ
650  7 ^aการแพทย์แบบพหุลักษณ์
650  7 ^aบริการทางการแพทย์^xแง่ศาสนา
945    ^p130^l0^i15899
945    ^p130^l0^i15900
995    ^aวิภา
999 ^a ใช้งานได้ทุกระบบ
รายการนี้ยังไม่มีแท็ก
คุณยังไม่ได้ล็อกอิน คุณสามารถมีกิจกรรมร่วมกับเว็บไซต์ได้ แต่ต้องล็อกอินก่อน ::
  ล็อกอิน

รายการสื่อสารสนเทศ

ลำดับที่ ประเภท เลขเรียก/บาร์โค้ด สถานที่ สถานะ
- ไม่พบข้อมูล -

รายการใกล้เคียง
    ผู้แต่ง [ทัศนีย์ ทองประทีป]

    หัวเรื่อง [การพยาบาลด้านจิตวิญญาณ]
    หัวเรื่อง [การแพทย์แบบพหุลักษณ์]

BibComment


ยังไม่เคยถูกคอมเมนท์

คอมเมนท์ทรัพยากรรายการนี้
  คอมเมนท์: จิตวิญญาณ มิติห..


 Copyright 2026. Bcnsprnw @Library